000
00218 a2200097 4500
001
45233
100
_a
Bernardo J.V
245
_a
Aviation in the modern world
260
_a
New York
_b
Dutton
_c
090
_c
28422
_d
28422
942
_a
NUST-CAE
_c
M
_c
20472
999
_c
280306
_d
280306